Navigátory GPS poslúchajú na slovo!

Bibliographic Details
Main Author: Macko, Ondrej (Author)
Format: Article
Language:Slovak
PhysicalDescription:Obr.
ISSN:1335-0226
Subjects:

MARC

LEADER 00000nab a2200000 a 4500
001 vtls009449526
003 SK-MaSNL
005 20260304163424.0
008 250507c2008 xo |||||||||||000 b|slo
015 |a SNBRB2008/11  |2 snkbucl 
035 |a (uuid)c9fa2756-129e-4e4c-be1f-64d3239274e3 
035 |a urn:nbn:sk:snk-ab13lw 
035 |a (urnnbn)urn:nbn:sk:snk:ar-a05asu 
038 |a SNKBUCL 
040 |a SNKBUCL  |b slo  |c SNKBUCL  |e AACR2 
041 0 |a slo 
044 |a xo  |c SK 
080 |a 629.056.8  |2 2001 
080 |a 621.398:528.28  |2 2001 
100 1 |a Macko, Ondrej  |4 aut  |9 270160 
245 1 0 |a Navigátory GPS poslúchajú na slovo!  |c Ondrej Macko 
300 |b Obr. 
650 0 7 |a Garmin nüvi 860 (navigačný prístroj)  |2 snkbucl  |9 1490506 
650 0 7 |a DreimGo DC 120 (navigačný prístroj)  |2 snkbucl  |9 1490507 
650 0 7 |a navigačné prístroje  |2 snkbucl  |9 1035663 
650 0 7 |a GPS (navigačný systém)  |2 snkbucl  |9 168839 
773 0 |t PC revue  |g Roč. XVI, č. 10 (2008), s. 120  |x 1335-0226 
850 |a Slovenská národná knižnica 
852 |a Slovenská národná knižnica 
954 |a odborná, vedecká literatúra pôvodná (slovenská)  |2 lita 
958 |a article27 
958 |a OND 
958 |a EUIPO 
999 |c 2977643  |d 2979573